00588nam a2200169Ia 4500008004100000020001900041082001600060100002100076245005700097250001200154260003700166300001800203600001400221942000700235952015900242999001700401250602s9999 xx 000 0 und d a978-9694949710 a920.954 RIZ aRizvi, Syed Abid 0aMeet Our Friend JJ:ban Anthology About Javed Jabbar a1st ed. aKarachi:bParamount Books,c2014 axlviii, 368p. aBiography cGB 00104070aUITUbUITUcGIFd2025-06-02eGifted by Mr. Pervez Iqball0o920.954 RIZpG171r2025-06-02 11:15:16w2025-06-02yGBzGifted by Mr. Pervez Iqbal c31337d31337